000 003310000a22001450004500
003 MACL
040 _aMACL
090 _c32437
_d32435
100 _aTripathi, G.
245 _aModern Trends in Environmental Biology
260 _bCBS Publishers
_c2002
350 _a1495
650 _aEconomics & Land
942 _cBOOK
_k333.750/Tri
999 _c32107
_d32107